| 000 | 00611nam a2200193 a 4500 | ||
|---|---|---|---|
| 005 | 20140310183516.0 | ||
| 008 | 110104s19uu xx 00 eng d | ||
| 020 | _a9780071471596 | ||
| 050 |
_aHQ 770.4 _b.P364 2007 |
||
| 100 | _aPantley, Elizabeth | ||
| 245 |
_aThe No-cry discipline solution: _bgenlte ways to encourage good behavior without whining, tantrums and tears / _cElizabeth Pantley |
||
| 260 |
_aNew York : _bMcGrawHill, _c2007. |
||
| 300 |
_a293 p. : _bill. ; _c21 cm. |
||
| 521 | _aEDU | ||
| 650 | _aDiscipline of children. | ||
| 650 | _aParenting. | ||
| 942 |
_cBK _2lcc _kFOR |
||
| 999 |
_c24300 _d24300 |
||